[Event "Mostoles op 12th"]
[Site "Mostoles"]
[Date "2023.07.26"]
[Round "4"]
[White "Moreno Ruiz, Javier"]
[Black "Moreno Lopez, Avelino"]
[Result "1-0"]
[WhiteElo "2416"]
[BlackElo "2039"]
[PlyCount "65"]
[EventDate "2023.07.23"]
[EventType "swiss"]
[EventRounds "8"]
[EventCountry "ESP"]
[SourceTitle "CBM 215 Extra"]
[Source "ChessBase"]
[SourceDate "2023.09.30"]
[SourceVersion "1"]
[SourceVersionDate "2023.09.30"]
[SourceQuality "1"]

1. e4 e5 2. Nf3 Nf6 3. Nxe5 d6 4. Nf3 Nxe4 5. d4 d5 6. Bd3 Nf6 7. 0-0 Be7 8. c4 c6 9. h3 Be6 10. Ng5 Bc8 11. Nc3 0-0 12. Re1 dxc4 13. Bxc4 Nd5 14. Nf3 Nb6 15. Bb3 Bf6 16. Ne4 Na6 17. Nxf6+ Qxf6 18. Bg5 Qf5 19. Re5 Qd7 20. Be7 Re8 21. Qe2 Nd5 22. Re1 Nac7 23. Qe4 Ne6 24. Ba3 Nf6 25. Qh4 h6 26. Bb4 Qd8 27. Bd2 Nd5 28. Qg3 Kf8 29. Nh4 Ne7 30. Bb4 c5 31. Bxc5 Nxc5 32. dxc5 Bd7 33. Qf3 1-0

[Event "Mostoles op 12th"]
[Site "Mostoles"]
[Date "2023.07.25"]
[Round "3"]
[White "Hernandez Gutierrez, Jose"]
[Black "Moreno Lopez, Avelino"]
[Result "0-1"]
[WhiteElo "1775"]
[BlackElo "2039"]
[PlyCount "70"]
[EventDate "2023.07.23"]
[EventType "swiss"]
[EventRounds "8"]
[EventCountry "ESP"]
[SourceTitle "CBM 215 Extra"]
[Source "ChessBase"]
[SourceDate "2023.09.30"]
[SourceVersion "1"]
[SourceVersionDate "2023.09.30"]
[SourceQuality "1"]

1. d4 e6 2. c4 d5 3. Nf3 dxc4 4. e3 b5 5. a4 c6 6. b3 Bb4+ 7. Bd2 Bxd2+ 8. Qxd2 a5 9. axb5 cxb5 10. bxc4 b4 11. Bd3 Nf6 12. 0-0 0-0 13. e4 Bb7 14. Re1 Nbd7 15. Bc2 Qc7 16. Qd3 e5 17. Nbd2 Rfd8 18. d5 Nc5 19. Qe3 a4 20. Nxe5 Qxe5 21. f4 Qc3 22. Qxc3 bxc3 23. Nb1 Ba6 24. Nxc3 Bxc4 25. Nxa4 Nxa4 26. Bxa4 Bd3 27. e5 Nxd5 28. g3 Bf5 29. Bc6 Rxa1 30. Rxa1 Ne3 31. Bf3 g6 32. Re1 Nc2 33. Rc1 Rd2 34. Rb1 Nd4 35. Bg4 Bxg4 0-1

[Event "Mostoles op 12th"]
[Site "Mostoles"]
[Date "2023.07.23"]
[Round "1"]
[White "Hortelano Hap, Ramon"]
[Black "Moreno Lopez, Avelino"]
[Result "0-1"]
[WhiteElo "1507"]
[BlackElo "2039"]
[PlyCount "108"]
[EventDate "2023.07.23"]
[EventType "swiss"]
[EventRounds "8"]
[EventCountry "ESP"]
[SourceTitle "CBM 215 Extra"]
[Source "ChessBase"]
[SourceDate "2023.09.30"]
[SourceVersion "1"]
[SourceVersionDate "2023.09.30"]
[SourceQuality "1"]

1. f4 d5 2. d4 Nf6 3. Nf3 Ne4 4. e3 f5 5. Ne5 g6 6. Be2 e6 7. 0-0 Bg7 8. Nd2 Nd7 9. Ndf3 0-0 10. c4 b6 11. cxd5 exd5 12. Nc6 Qf6 13. Nce5 Qd6 14. Bd2 c5 15. a3 g5 16. Nxg5 Nxg5 17. Nxd7 Bxd7 18. fxg5 Rfe8 19. Bh5 Rf8 20. Bc3 Qe7 21. Rf3 Bc6 22. Qd3 Qxg5 23. Rh3 Rf6 24. dxc5 d4 25. Rg3 Qxh5 26. Bxd4 Rg6 27. Qc4+ Kh8 28. Bxg7+ Kxg7 29. Qd4+ Kh6 30. Qf4+ Kg7 31. Qc7+ Kh8 32. Qe5+ Kg8 33. Qe6+ Kf8 34. Qe5 Rxg3 35. Qxg3 Qg6 36. cxb6 Qxg3 37. hxg3 axb6 38. Rf1 Be4 39. g4 Ke7 40. gxf5 Rg8 41. Rf2 Kf6 42. Kh2 Rg5 43. Rd2 Kxf5 44. Rf2+ Ke5 45. Kh3 Rg6 46. g4 Rh6+ 47. Kg3 Rh1 48. Rf7 Rg1+ 49. Kh4 Re1 50. Re7+ Kd5 51. Rd7+ Kc6 52. Re7 Rxe3 53. Kg5 Re2 54. Kf4 Bd3 0-1

[Event "Madrid Alcorcon op 1st"]
[Site "Madrid"]
[Date "2022.12.27"]
[Round "4"]
[White "Moreno Lopez, Avelino"]
[Black "Anton Ortiz, Carlos"]
[Result "1-0"]
[WhiteElo "1983"]
[BlackElo "1652"]
[PlyCount "91"]
[EventDate "2022.12.26"]
[EventType "swiss"]
[EventRounds "9"]
[EventCountry "ESP"]
[SourceTitle "CBM 212 Extra"]
[Source "ChessBase"]
[SourceDate "2023.03.31"]
[SourceVersion "1"]
[SourceVersionDate "2023.03.31"]
[SourceQuality "1"]

1. d4 e6 2. c4 d5 3. Nf3 Be7 4. Nc3 c5 5. cxd5 cxd4 6. Qxd4 Bf6 7. Qa4+ Bd7 8. Qb3 exd5 9. Nxd5 Bc6 10. Nxf6+ Nxf6 11. e3 0-0 12. Bd2 Ne4 13. Bb4 Bd5 14. Bc4 Bxc4 15. Qxc4 Re8 16. Rd1 Qc8 17. Qxc8 Rxc8 18. Nd4 Na6 19. Ba3 g6 20. 0-0 Nc7 21. f3 Nf6 22. e4 a6 23. Be7 Kg7 24. Nb3 Nb5 25. a4 Na7 26. Rd6 Ng8 27. Bg5 Rc2 28. Be3 Nc6 29. Nc5 Re2 30. Bf2 Nge7 31. b3 Rb2 32. Rd7 b6 33. Rxe7 Nxe7 34. Bd4+ Kg8 35. Bxb2 bxc5 36. Ba3 Rb8 37. Bxc5 Nc6 38. Rb1 Rc8 39. b4 Na5 40. Be3 Nb7 41. b5 a5 42. Rd1 Rc3 43. Bf4 Rc8 44. b6 Kf8 45. Rd7 Nc5 46. Rc7 1-0

[Event "Andalucia-chT Honor Oriental"]
[Site "Andalucia"]
[Date "2018.11.17"]
[Round "5.39"]
[White "Moreno Lopez, Avelino"]
[Black "Juan Delgado, Adrian"]
[Result "1/2-1/2"]
[WhiteElo "1788"]
[BlackElo "1979"]
[PlyCount "103"]
[EventDate "2018.09.30"]
[EventType "team-tourn"]
[EventRounds "7"]
[EventCountry "ESP"]
[SourceTitle "EXT 2020"]
[Source "ChessBase"]
[SourceDate "2019.10.17"]
[SourceVersion "1"]
[SourceVersionDate "2019.10.17"]
[SourceQuality "1"]
[WhiteTeam "Roquetas"]
[BlackTeam "Cruz Roja Santa Juana"]
[WhiteTeamCountry "ESP"]
[BlackTeamCountry "ESP"]

1. d4 d6 2. Nf3 g6 3. c4 Bg7 4. g3 c6 5. Bg2 e5 6. dxe5 dxe5 7. Qxd8+ Kxd8 8. e4 Be6 9. b3 f6 10. Nc3 Nh6 11. Ba3 Nf7 12. 0-0-0+ Kc7 13. Ne1 a5 14. Nd3 Na6 15. Na4 h6 16. f4 Rad8 17. Rhf1 Bf8 18. Bxf8 Rhxf8 19. a3 b5 20. Ndc5 Nxc5 21. Nxc5 Rxd1+ 22. Rxd1 Bg4 23. Rd2 Rd8 24. Rxd8 Nxd8 25. Bf1 Ne6 26. Nxe6+ Bxe6 27. cxb5 Bxb3 28. bxc6 Kxc6 29. Kb2 Bd1 30. Kc3 Bf3 31. Bd3 Kc5 32. Bc2 exf4 33. gxf4 g5 34. fxg5 fxg5 35. Kd3 h5 36. Bb3 g4 37. Ke3 h4 38. Be6 Kd6 39. Bc8 Ke5 40. Bf5 Bd1 41. Bd7 Bf3 42. h3 Bxe4 43. Bxg4 Bg2 44. Bc8 Kd6 45. Bf5 Kc5 46. Kf4 Kc4 47. Be6+ Kc3 48. Kg4 Kb2 49. a4 Bc6 50. Kxh4 Bxa4 51. Kg5 Bb3 52. Bd7 1/2-1/2

[Event "Andalucia-chT Honor Oriental"]
[Site "Andalucia"]
[Date "2018.10.07"]
[Round "2.35"]
[White "Moreno Lopez, Avelino"]
[Black "Barruz Serrano, Antonio Angel"]
[Result "1-0"]
[WhiteElo "1788"]
[BlackElo "1944"]
[PlyCount "75"]
[EventDate "2018.09.30"]
[EventType "team-tourn"]
[EventRounds "7"]
[EventCountry "ESP"]
[SourceTitle "EXT 2020"]
[Source "ChessBase"]
[SourceDate "2019.10.17"]
[SourceVersion "1"]
[SourceVersionDate "2019.10.17"]
[SourceQuality "1"]
[WhiteTeam "Roquetas"]
[BlackTeam "Casino Primitivo"]
[WhiteTeamCountry "ESP"]
[BlackTeamCountry "ESP"]

1. d4 Nf6 2. c4 e6 3. g3 d5 4. Nf3 Be7 5. Bg2 0-0 6. 0-0 Nbd7 7. Nbd2 b6 8. b3 Bb7 9. Bb2 Rc8 10. Rc1 c5 11. Ne5 Qc7 12. Nxd7 Qxd7 13. dxc5 bxc5 14. e3 Rfd8 15. Qe2 Qc7 16. Rfd1 Qa5 17. a3 Qb6 18. Qd3 Ba6 19. Qc2 Rd7 20. cxd5 Nxd5 21. Nc4 Qb5 22. Ne5 Rdd8 23. Be4 Nf6 24. Rxd8+ Bxd8 25. Bd3 Qb7 26. Bxa6 Qxa6 27. Qc4 Qb7 28. Nd3 Be7 29. Bxf6 Bxf6 30. b4 Qf3 31. bxc5 h5 32. Nf4 Rc6 33. h4 g5 34. hxg5 Bxg5 35. Ng2 Be7 36. Qb5 Qd5 37. Nf4 Qe4 38. Nxh5 1-0

[Event "Almeria Sola Memorial-B 2nd"]
[Site "Almeria"]
[Date "2015.12.18"]
[Round "2"]
[White "Moreno Lopez, Avelino"]
[Black "Garcia Navarro, Jose Jesus"]
[Result "0-1"]
[WhiteElo "1624"]
[BlackElo "1750"]
[PlyCount "116"]
[EventDate "2015.12.18"]
[EventType "swiss"]
[EventRounds "7"]
[EventCountry "ESP"]
[SourceTitle "CBM 170 Extra"]
[Source "ChessBase"]
[SourceDate "2016.02.25"]
[SourceVersion "1"]
[SourceVersionDate "2016.02.25"]
[SourceQuality "1"]

1. d4 d5 2. c4 e6 3. Nc3 c5 4. cxd5 cxd4 5. Qa4+ Bd7 6. Qxd4 exd5 7. Nf3 Nf6 8. Bg5 Nc6 9. Qd2 Bb4 10. Qe3+ Be6 11. Bxf6 Qxf6 12. 0-0-0 Bxc3 13. bxc3 Rc8 14. Kb2 Na5 15. Qd4 Nc4+ 16. Ka1 Qe7 17. e3 0-0 18. Bd3 Qa3 19. Rb1 Na5 20. Qb4 Qxc3+ 21. Qxc3 Rxc3 22. Be2 Rfc8 23. Nd4 g6 24. g4 a6 25. h3 b5 26. Rhd1 R8c5 27. Bd3 Kg7 28. Kb2 Rc8 29. Rd2 Kf6 30. Rdd1 R3c7 31. Ka1 Nb7 32. a4 Bd7 33. axb5 axb5 34. Bxb5 Ra8+ 35. Kb2 Bxb5 36. Nxb5 Rc5 37. Nc3 Rac8 38. Nxd5+ Ke5 39. Nb4 Rb5 40. Kb3 Rb8 41. Rd4 Nd6 42. Kc2 Ke6 43. Kc3 f5 44. f3 Rc8+ 45. Kd3 Ra8 46. Kc2 Rc8+ 47. Kd3 fxg4 48. hxg4 Rcb8 49. Kc3 Rc5+ 50. Kd3 Rcb5 51. Kc3 h5 52. Rbd1 Rc5+ 53. Kb3 Nb5 54. Re4+ Kf6 55. Na6 Nd4+ 56. Ka4 Rc4+ 57. Ka3 Rb3+ 58. Ka2 Ra4# 0-1

[Event "Almeria Indalo op"]
[Site "Almeria"]
[Date "2015.02.27"]
[Round "1"]
[White "Jimenez Bernal, Francisco"]
[Black "Moreno Lopez, Avelino"]
[Result "1-0"]
[WhiteElo "2203"]
[BlackElo "1645"]
[PlyCount "59"]
[EventDate "2015.02.27"]
[EventType "swiss"]
[EventRounds "7"]
[EventCountry "ESP"]
[SourceTitle "CBM 165 Extra"]
[Source "ChessBase"]
[SourceDate "2015.04.21"]
[SourceVersion "1"]
[SourceVersionDate "2015.04.21"]
[SourceQuality "1"]

1. d4 d5 2. c4 Nf6 3. cxd5 c6 4. dxc6 Nxc6 5. Nf3 e5 6. dxe5 Qxd1+ 7. Kxd1 Ng4 8. Ke1 Ncxe5 9. Nxe5 Nxe5 10. e3 Bd7 11. Nc3 Bb4 12. Bd2 Bc6 13. a3 Ba5 14. Bb5 0-0-0 15. Bxc6 bxc6 16. b4 Bb6 17. Ke2 Nc4 18. Rhd1 Rhe8 19. Be1 Bd4 20. Kf1 Bf6 21. Rxd8+ Rxd8 22. Ke2 Kb7 23. Ra2 a5 24. bxa5 Ka6 25. Ne4 Be7 26. Rc2 Nxa5 27. Nc5+ Bxc5 28. Rxc5 Rd5 29. Rxd5 cxd5 30. Bxa5 1-0